000 02071njm a2200529 i 4500
001 34959
003 KOSZ 005
005 20220816122955.0
007 sd fsngnnmmned
008 061010s2005 pl munn 000 0 d
020 _a8360004080
020 _a8360004064
040 _cKOSZ 005
_aKOSZ 005
_dKOSZ 005/AR
_dKOSZ 005/HR
041 0 _apol
046 _k2005
080 _a780.8:780.616(438)"18"
080 _a78.071.1(438)"18"
080 _a929-052(438)"18"
100 _aChopin, Fryderyk
_d(1810-1849)
_eKompozytor
245 1 0 _aChopin /
_cFryderyk Chopin
260 _aWarszawa :
_bMediasat Poland,
_c2005.
300 _a1 płyta CD (69 min 01 s) :
_bzapis cyfrowy, stereo ;
_c12 cm +
_e1 dodatek : 51 stron : ilustracje ; 13 cm x 14 cm.
336 _2rdacontent
_aNagranie muzyczne
_bprm
336 _2rdacontent
_3Dodatek
_aTekst
_btxt
337 _2rdamedia
_aAudio
_bs
337 _2rdamedia
_3Dodatek
_aBez urządzenia pośredniczącego
_bn
338 _2rdacarrier
_aPłyta audio
_bd
338 _2rdacarrier
_3Dodatek
_aWolumin
_bc
380 _aMuzyka
388 _a1801-1900
490 1 _aBiblioteka Gazety Wyborczej. Wielcy Kompozytorzy ;
_v2
500 _aReżyser nagrania: Małgorzata Polańska, Lech Tołwiński.
500 _aJanusz Olejniczak, fortepian-Steinway.
500 _aNagranie: Sala koncertowa Akademii Muzycznej im. Feliksa Nowowiejskiego w Bydgoszczy, sierpień 1995, kwiecień 1996 roku.
500 _aTekst komentarza: Artur Szklener.
600 1 _aChopin, Fryderyk
_d(1810-1849)
648 7 _a1801-1900
655 _aMuzyka na fortepian
655 _aMuzyka polska
700 1 _aPolańska, Małgorzata
_c(reżyser dźwięku)
_eReżyser nagrania
700 1 _aTołwiński, Lech
_d(1954- )
_eReżyser nagrania
700 1 _aSzklener, Artur
_eTekst
700 1 _aOlejniczak, Janusz
_d(1952- )
_eWykonanie
710 _aMediasat Poland
_eWydawca
830 0 _aBiblioteka Gazety Wyborczej.
_pWielcy Kompozytorzy
_v2
942 _cCD
_2UKD
999 _c34959
_d34959